Statistics for Dota 2 Trivia

Click here to take the quiz!

General Stats

  • This quiz has been taken 2,257 times
    (2,155 since last reset)
  • The average score is 23 of 34

Answer Stats

QuestionAnswer% Correct
Players Per Team5
97%
'Evil' SideDire
96%
'Good' SideRadiant
95%
Hero with 'Meat Hook'Pudge
92%
Other laneMiddle
90%
'Good' Safe laneBottom
89%
'Bad' Safe LaneTop
89%
Enigma's UltimateBlack Hole
88%
Magic Immunity ItemBKB
84%
Na'Vi Mid PlayerDendi
84%
Red RuneHaste
83%
Green RuneRegeneration
79%
Blue RuneDouble Damage
78%
AOE invisibility reveal itemDust Of Appearance
78%
Hero with 'Chemical Rage'Alchemist
74%
Yellow RuneIllusion
71%
Boss CreepRoshan
71%
Cost Of Above50
69%
Winner Of TI3Alliance
66%
Cost Of Above4200
65%
Spawn Point of RunesRiver
65%
Purple RuneInvisibility
59%
Hero with 'Rage'Lifestealer
56%
Only hero with one activeWraith King
56%
Item that gives +1 to all attributesIron Branch
54%
Developer (Not Valve)Icefrog
52%
Cost of Above180
51%
Hero with 'Enrage'Ursa
50%
Fade Time Of Shadow Amulet1.5 Seconds
45%
Cost Of Above2250
31%
Distance That Force Staff Pushes600
31%
Hero with 'Essence Aura'Outworld Devourer
31%
Cost Of Above1600
30%
Item that upgrades your ultimateAghanim's Sceptre
17%

Score Distribution

Percentile by Number Answered

Percent of People with Each Score

Your Score History

You have not taken this quiz since the last reset